<?xml version="1.0" encoding="UTF-8"?>
<marc:record xmlns:marc="http://www.loc.gov/MARC21/slim">
   <marc:leader>00000nam a2200000 a 4500</marc:leader>
   <marc:datafield ind1="1" ind2=" " tag="100">
      <marc:subfield code="a">Trpak, Heide</marc:subfield>
      <marc:subfield code="4">aut</marc:subfield>
      <marc:subfield code="e">Verfasser/-in</marc:subfield>
   </marc:datafield>
   <marc:datafield ind1="1" ind2=" " tag="100">
      <marc:subfield code="a">Leitl, Leonora</marc:subfield>
      <marc:subfield code="4">aut</marc:subfield>
      <marc:subfield code="e">Verfasser/-in</marc:subfield>
   </marc:datafield>
   <marc:datafield ind1=" " ind2=" " tag="653">
      <marc:subfield code="a">Covid 19</marc:subfield>
   </marc:datafield>
   <marc:datafield ind1=" " ind2=" " tag="653">
      <marc:subfield code="a">Virus</marc:subfield>
   </marc:datafield>
   <marc:datafield ind1=" " ind2=" " tag="653">
      <marc:subfield code="a">Bakterien</marc:subfield>
   </marc:datafield>
   <marc:datafield ind1=" " ind2=" " tag="653">
      <marc:subfield code="a">Krankheit</marc:subfield>
   </marc:datafield>
   <marc:datafield ind1=" " ind2=" " tag="653">
      <marc:subfield code="a">Corona Virus</marc:subfield>
   </marc:datafield>
   <marc:datafield ind1=" " ind2=" " tag="653">
      <marc:subfield code="a">Schnupfen</marc:subfield>
   </marc:datafield>
   <marc:datafield ind1=" " ind2=" " tag="653">
      <marc:subfield code="a">Rhinovirus</marc:subfield>
   </marc:datafield>
   <marc:datafield ind1="0" ind2="0" tag="245">
      <marc:subfield code="a">Willi Virus</marc:subfield>
   </marc:datafield>
   <marc:datafield ind1="0" ind2="0" tag="245">
      <marc:subfield code="b">Aus dem Leben eines Schnupfenvirus</marc:subfield>
   </marc:datafield>
   <marc:datafield ind1=" " ind2="1" tag="264">
      <marc:subfield code="a">Innsbruck</marc:subfield>
      <marc:subfield code="b">Verlagsanstalt Tyrolia</marc:subfield>
      <marc:subfield code="c">2015</marc:subfield>
   </marc:datafield>
   <marc:datafield ind1="1" ind2=" " tag="520">
      <marc:subfield code="a">Angaben aus der Verlagsmeldung ## ##  Willi Virus : Aus dem Leben eines Schnupfenvirus / von Heidi Trpak ## #Wenn Willi zuschlägt, bleibt kein Taschentuch trocken##Eigentlich könnte er einem fast leidtun  niemand mag ihn, niemand findet ihn fein und alle wollen ihn möglichst schnell wieder loswerden. Aber er ist auch wahrlich kein netter Zeitgenosse, bringt er doch eine rinnende, tropfende oder gar verstopfte Nase, tränende Augen und im schlimmsten Fall auch noch Kopfschmerzen mit sich. Wir dürfen vorstellen: Willi, der Schnupfenvirus. #Doch auch, wenn ihn fast alle kennen, so ist kaum bekannt, welche Art von Unwesen er in unserem Körper genau treibt und mit welch beeindruckenden Mitteln ihn dieser wieder hinausschmeißt. #Nach ihrem äußerst erfolgreichen Bilderbuchdebüt Gerda Gelse. Allgemeine Weisheiten über Stechmücken legt die Wiener Autorin Heidi Trpak abermals ein geniales Sachbilderbuch vor, in dem sie ein Phänomen unter die Lupe nimmt, das alltäglicher fast nicht sein kann, zu dem aber dennoch kaum genaueres Wissen vorhanden ist. Die Illustrationen stammen diesmal von der oberösterreichischen Künstlerin Nora Leitl, die durch die Wahl innovativer Illustrationstechniken (u. a. mit gefrorener Gelatine) einen wunderbaren Einblick in diese faszinierende und beeindruckende Mikrowelt ermöglicht.</marc:subfield>
   </marc:datafield>
   <marc:datafield ind1=" " ind2=" " tag="020">
      <marc:subfield code="a">9783702234867</marc:subfield>
      <marc:subfield code="9">9783702234867</marc:subfield>
   </marc:datafield>
   <marc:datafield ind1=" " ind2=" " tag="041">
      <marc:subfield code="a">ger</marc:subfield>
   </marc:datafield>
   <marc:datafield ind1=" " ind2=" " tag="300">
      <marc:subfield code="a">[26] S.</marc:subfield>
   </marc:datafield>
</marc:record>
